Теория и практика научного атеизма: учебное пособие для высших партийных школ

Chi tiết về thư mục
Tác giả của công ty: Академия общественных наук при ЦК КПСС (АОН) Институт научного атеизма
Tác giả khác: Гараджа В. И. Виктор Иванович (редактор)
Tóm tắt:Исключено из фонда НТБ ТПУ
Ngôn ngữ:Tiếng Nga
Được phát hành: Москва, Мысль, 1984
Định dạng: MixedMaterials Sách
KOHA link:https://koha.lib.tpu.ru/cgi-bin/koha/opac-detail.pl?biblionumber=296720

MARC

LEADER 00000nam0a2200000 4500
001 296720
005 20231101002939.0
020 |a RU  |b 84-46860 
035 |a (RuTPU)RU\TPU\book\321828 
090 |a 296720 
100 |a 20150602d1984 m y0rusy5003 ca 
101 0 |a rus 
102 |a RU 
105 |a y z 000zy 
200 1 |a Теория и практика научного атеизма  |e учебное пособие для высших партийных школ  |f Академия общественных наук при ЦК КПСС (АОН), Институт научного атеизма ; под ред. В. И. Гараджи 
210 |a Москва  |c Мысль  |d 1984 
215 |a 236 с. 
333 |a Исключено из фонда НТБ ТПУ 
702 1 |a Гараджа  |b В. И.  |g Виктор Иванович  |4 340 
712 0 2 |a Академия общественных наук при ЦК КПСС (АОН)  |b Институт научного атеизма 
801 0 |a RU  |b RuMRKP  |c 19950704  |g psbo 
801 1 |a RU  |b 63413507  |c 20150602 
801 2 |a RU  |b 63413507  |c 20220203  |g RCR 
942 |c BK